|
|
|
|
| LEADER |
00843nab a2200241 i 4500 |
| 001 |
misc62029 |
| 005 |
20230602152549.0 |
| 008 |
230412s1909 hu o 0|| ger d |
| 040 |
|
|
|a SZTE Miscellanea Repozitórium
|b hun
|
| 041 |
|
|
|a ger
|
| 041 |
|
|
|a mon
|
| 100 |
1 |
|
|a Ramstedt Gustaf John
|
| 245 |
1 |
0 |
|a Mongolische Briefe aus Idiqut-Schähri bei Turfan
|h [elektronikus dokumentum] /
|c Ramstedt Gustaf John
|
| 260 |
|
|
|a Verlag der Akademie der Wissenschaften
|b [Berlin]
|c 1909
|
| 300 |
|
|
|a 838-848
|c 26 cm
|
| 300 |
|
|
|a p. 838-848., 1 t.
|c 26 cm
|
| 561 |
|
|
|a Németh Gyula hagyaték
|
| 591 |
|
|
|a LOA 3014; NOA 4748; J/75 N 3690
|
| 650 |
|
4 |
|a Bölcsészettudományok
|
| 650 |
|
4 |
|a Nyelvek és irodalom
|
| 695 |
|
|
|a Mongol nyelvemlék
|
| 700 |
0 |
2 |
|a Le Coq Albert von
|
| 856 |
4 |
0 |
|u http://misc.bibl.u-szeged.hu/62029/1/4748_noa.pdf
|z Dokumentum-elérés
|